NFL 2024 Season - Highest Scoring Game Each Week - Statistics

General Stats
  • This quiz has been taken 5 times
  • The average score is 14 of 36
Answer Stats
Week Score Answer % Correct
8 W 52-17 Lions
80%
2 L 44-19 Cowboys
60%
1 W 34-29 Eagles
60%
4 W 42-29 Lions
60%
18 W 44-38 Panthers
60%
2 W 44-19 Saints
60%
3 L 38-33 Bengals
40%
5 L 41-38 Bengals
40%
9 W 41-24 Bengals
40%
10 L 35-34 Bengals
40%
11 L 34-27 Bengals
40%
13 L 44-38 Bengals
40%
14 L 44-42 Bills
40%
15 W 48-42 Bills
40%
6 W 51-27 Buccaneers
40%
7 L 41-31 Buccaneers
40%
3 W 38-33 Commanders
40%
12 L 34-26 Commanders
40%
12 W 34-26 Cowboys
40%
16 L 36-33 Eagles
40%
18 L 44-38 Falcons
40%
17 W 45-33 Giants
40%
15 L 48-42 Lions
40%
1 L 34-29 Packers
40%
5 W 41-38 Ravens
40%
7 W 41-31 Ravens
40%
10 W 35-34 Ravens
40%
8 L 52-17 Titans
40%
11 W 34-27 Chargers
20%
17 L 45-33 Colts
20%
16 W 36-33 Commanders
20%
9 L 41-24 Raiders
20%
14 W 44-42 Rams
20%
6 L 51-27 Saints
20%
4 L 42-29 Seahawks
20%
13 W 44-38 Steelers
20%
No matching quizzes found
Score Distribution
Percent of People with Each Score
Percentile by Number Answered
Your Score History
You have not taken this quiz